Statistics for MLB Teams TV Stations

Click here to take the quiz!

General Stats

  • This quiz has been taken 8 times
  • The average score is 20 of 30

Answer Stats

HintAnswer% Correct
Arizona DiamondbacksBally Sports Arizona
83%
Detroit TigersBally Sports Detroit
83%
Miami MarlinsBally Sports Florida
83%
Kansas City RoyalsBally Sports Kansas City
83%
Cincinnati RedsBally Sports Ohio
83%
San Diego PadresBally Sports San Diego
83%
Atlanta BravesBally Sports South
83%
Milwaukee BrewersBally Sports Wisconsin
83%
Chicago CubsMarquee Sports Network
83%
Pittsburgh PiratesAT&T Sports Pittsburgh
67%
St. Louis CardinalsBally Sports Midwest
67%
Minnesota TwinsBally Sports North
67%
Texas RangersBally Sports Southwest
67%
Los Angeles Angels of AnaheimBally Sports West
67%
Baltimore OriolesMaryland Sports Network
67%
Washington NationalsMaryland Sports Network 2
67%
San Francisco GiantsNBC Sports Bay Area
67%
Chicago White SoxNBC Sports Chicago
67%
Philadelphia PhilliesNBC Sports Philadelphia
67%
Boston Red SoxNew England Sports Network
67%
Los Angeles DodgersSportsNet Los Angeles
67%
Colorado RockiesAT&T Sports Rocky Mountain
50%
Houston AstrosAT&T Sports Southwest
50%
Cleveland GuardiansBally Sports Great Lakes
50%
Tampa Bay RaysBally Sports Sun
50%
Oakland AthleticsNBC Sports California
50%
Seattle MarinersRoot Sports Northwest
50%
New York MetsSportsNet New York
50%
New York YankeesYankee Entertainment and Sports Network
50%
Blue JaysSportsNet
33%

Score Distribution

Percentile by Number Answered

Percent of People with Each Score

Your Score History

You have not taken this quiz